[Event "Quebec-ch qual. Quebec"]
[Site "Quebec CAN"]
[Date "2005.05.15"]
[Round "4"]
[White "Caron, Sebastien"]
[Black "Coulon, Dominic"]
[Result "1-0"]
[WhiteElo "1880"]
[BlackElo "1764"]
[PlyCount "103"]
[GameId "2160767910968475"]
[EventDate "2005.05.13"]
[EventType "swiss"]
[EventRounds "5"]
[EventCountry "CAN"]

1. e4 e6 2. d4 d5 3. Nd2 Nf6 4. e5 Nfd7 5. f4 c5 6. c3 Nc6 7. Ndf3 cxd4 8. cxd4 Qb6 9. g3 f6 10. Bh3 Bb4+ 11. Kf1 Qa6+ 12. Ne2 Ne7 13. a3 O-O 14. Be3 Ba5 15. Kg2 fxe5 16. fxe5 Nf5 17. Bxf5 Rxf5 18. Nh4 Rf7 19. Rf1 Rxf1 20. Qxf1 b5 21. Qf2 Bb7 22. Kg1 Rf8 23. Nf3 Bb6 24. Nf4 Bd8 25. Qe2 Qb6 26. h4 Ba6 27. b4 Bb7 28. Rf1 Rf5 29. Nh3 Be7 30. Nfg5 h6 31. Rxf5 exf5 32. Nf3 Nf8 33. Qf1 Bc8 34. Nf4 Be6 35. Nxe6 Qxe6 36. Qxb5 g5 37. hxg5 hxg5 38. Qe2 g4 39. Ne1 Ng6 40. Qd2 Nxe5 41. dxe5 Qxe5 42. Bf4 Qe4 43. Qe3 d4 44. Qxe4 fxe4 45. Kf2 Kf7 46. Be5 Bf6 47. Bxf6 Kxf6 48. Ke2 Ke6 49. Nd3 Kd5 50. Nf2 a6 51. Nxg4 Kc4 52. Nf2 1-0

[Event "Quebec-ch qual. Quebec"]
[Site "Quebec CAN"]
[Date "2005.05.15"]
[Round "4"]
[White "L'Heureux, Clement"]
[Black "Lemieux, Pierre"]
[Result "0-1"]
[WhiteElo "1850"]
[BlackElo "1886"]
[PlyCount "70"]
[GameId "2160767910968476"]
[EventDate "2005.05.13"]
[EventType "swiss"]
[EventRounds "5"]
[EventCountry "CAN"]

1. e4 d6 2. d4 g6 3. Nf3 Bg7 4. Be2 Nc6 5. h3 e5 6. Be3 exd4 7. Nxd4 Nge7 8. Nc3 d5 9. exd5 Nxd5 10. Nxd5 Qxd5 11. Bf3 Qa5+ 12. c3 Ne5 13. Be2 O-O 14. O-O Qd5 15. Nb5 Qc6 16. Nd4 Qd5 17. Bf4 c5 18. Nb5 Be6 19. Nc7 Qxd1 20. Rfxd1 Rad8 21. Nxe6 fxe6 22. Bxe5 Bxe5 23. Bc4 Kf7 24. Re1 Kf6 25. Re2 a6 26. Rae1 Bb8 27. Rxe6+ Kg7 28. Re7+ Kh6 29. g4 Rd2 30. h4 Rfxf2 31. g5+ Kh5 32. Rxh7+ Kg4 33. Be6+ Kg3 34. Rf7 Rg2+ 35. Kf1 Kh2 0-1

[Event "Quebec-ch qual. Quebec"]
[Site "Quebec CAN"]
[Date "2005.05.15"]
[Round "4"]
[White "Poliquin, Yvon"]
[Black "Cummins, Paul"]
[Result "0-1"]
[WhiteElo "1854"]
[BlackElo "1693"]
[PlyCount "103"]
[GameId "2160767910968477"]
[EventDate "2005.05.13"]
[EventType "swiss"]
[EventRounds "5"]
[EventCountry "CAN"]

1. e4 c5 2. Nc3 Nc6 3. Bb5 Nd4 4. Bc4 e6 5. Nf3 a6 6. a4 Ne7 7. Nxd4 cxd4 8. Ne2 Nc6 9. O-O Bc5 10. d3 Rb8 11. Ng3 b5 12. Bb3 Qe7 13. f4 Na5 14. Ba2 f6 15. f5 b4 16. fxe6 dxe6 17. Bf4 e5 18. Bd2 Nb7 19. Nf5 Bxf5 20. exf5 Nd6 21. Qh5+ Kd7 22. Be6+ Kc7 23. Qf3 Nb7 24. Kh1 Nd8 25. Bc4 a5 26. Rae1 Nf7 27. Bb5 Rb6 28. Bc4 h6 29. Bb3 Rd8 30. Re2 Kb8 31. Rfe1 Rc8 32. Qg4 Nd8 33. Qg6 Bd6 34. Re4 Nb7 35. Rxd4 Nc5 36. Rc4 Nxb3 37. cxb3 Rxc4 38. bxc4 Bc5 39. Be3 Bxe3 40. Rxe3 Qd7 41. Qg4 Qxa4 42. h3 Qd7 43. b3 Rb7 44. Kg1 a4 45. bxa4 Qxa4 46. c5 Qc6 47. d4 b3 48. Re1 b2 49. Rb1 Qd5 50. Qg6 Qxd4+ 51. Kh1 Qd7 52. Qg4 0-1

[Event "Quebec-ch qual. Quebec"]
[Site "Quebec CAN"]
[Date "2005.05.15"]
[Round "5"]
[White "Benoit, Sebastien"]
[Black "Audet-Bouchard, Nicolas"]
[Result "1-0"]
[WhiteElo "1742"]
[BlackElo "2104"]
[PlyCount "97"]
[GameId "2160767910968478"]
[EventDate "2005.05.13"]
[EventType "swiss"]
[EventRounds "5"]
[EventCountry "CAN"]

1. d4 Nf6 2. c4 e6 3. Nc3 Bb4 4. f3 c5 5. a3 Bxc3+ 6. bxc3 d5 7. e3 Nc6 8. Bd3 O-O 9. Ne2 b6 10. O-O Ba6 11. cxd5 Bxd3 12. Qxd3 exd5 13. g4 h6 14. Kh1 Re8 15. Rg1 c4 16. Qc2 Nh7 17. Nf4 Ng5 18. Qg2 Na5 19. Qf2 Nb3 20. Ra2 Ne6 21. Nxe6 Rxe6 22. e4 Nxc1 23. Rxc1 dxe4 24. f4 Qd5 25. Re1 f5 26. h3 Rf8 27. Qe3 Qd6 28. Rf1 Kh8 29. Rff2 Re7 30. Rf1 Qd7 31. Rg2 Qa4 32. gxf5 Rxf5 33. Rg6 Qxa3 34. Rfg1 Qa5 35. Qg3 Rh5 36. Qg4 Qxc3 37. Qxh5 Qf3+ 38. Qxf3 exf3 39. Rc6 b5 40. d5 Rd7 41. d6 Kg8 42. Rc8+ Kf7 43. Rxg7+ Kxg7 44. Rc7 Kf6 45. Rxd7 Ke6 46. Rb7 a6 47. d7 Ke7 48. f5 c3 49. f6+ 1-0

[Event "Quebec-ch qual. Quebec"]
[Site "Quebec CAN"]
[Date "2005.05.15"]
[Round "5"]
[White "Lemieux, Pierre"]
[Black "Caron, Sebastien"]
[Result "1-0"]
[WhiteElo "1886"]
[BlackElo "1880"]
[PlyCount "99"]
[GameId "2160767910968479"]
[EventDate "2005.05.13"]
[EventType "swiss"]
[EventRounds "5"]
[EventCountry "CAN"]

1. d4 c5 2. c3 cxd4 3. cxd4 g6 4. Nf3 Bg7 5. Nc3 Nh6 6. e4 Qb6 7. Nd5 Qd8 8. Bf4 d6 9. Qc1 Ng4 10. Nc7+ Kf8 11. h3 Nf6 12. Bd3 Nc6 13. Nxa8 Bd7 14. Nc7 Qxc7 15. d5 Qa5+ 16. Bd2 Nb4 17. Bxb4 Qxb4+ 18. Qd2 Qb6 19. O-O h5 20. Qe2 h4 21. Rab1 Nh5 22. Qe3 Qa5 23. Qd2 Qb6 24. Rfc1 Bh6 25. Qc3 f6 26. Rc2 Nf4 27. Bf1 Kf7 28. Qc7 Bc8 29. Qxb6 axb6 30. Rc7 Nh5 31. Nd4 Ng3 32. Bd3 Nh5 33. Nb5 Bf4 34. Na7 Bxh3 35. gxh3 Be5 36. Rxb7 Nf4 37. Bf1 g5 38. Nc6 Ng6 39. Nxe5+ Nxe5 40. Be2 Rg8 41. Bh5+ Kg7 42. Rxe7+ Kh6 43. Bg4 Ng6 44. Re6 Kg7 45. Rc1 Nf8 46. Rc7+ Kh8 47. Rxf6 Ng6 48. Rff7 Ne7 49. Rcxe7 Rg7 50. Rxg7 1-0

[Event "Quebec-ch qual. Quebec"]
[Site "Quebec CAN"]
[Date "2005.05.15"]
[Round "5"]
[White "Poliquin, Yvon"]
[Black "Bourassa, Samuel"]
[Result "1/2-1/2"]
[WhiteElo "1854"]
[BlackElo "1706"]
[PlyCount "62"]
[GameId "2160767910968480"]
[EventDate "2005.05.13"]
[EventType "swiss"]
[EventRounds "5"]
[EventCountry "CAN"]

1. e4 g6 2. d4 Bg7 3. Nc3 d6 4. f4 Nf6 5. Nf3 c6 6. a4 Bg4 7. Bd3 Na6 8. O-O O-O 9. a5 Nc7 10. h3 Bxf3 11. Qxf3 Nd7 12. Ne2 e6 13. g4 f5 14. gxf5 exf5 15. e5 Qe7 16. a6 Nxa6 17. Bxa6 bxa6 18. Qxc6 Nb6 19. Nc3 Rac8 20. Qf3 dxe5 21. fxe5 Qb4 22. Rd1 Rfd8 23. Rxa6 Rb8 24. Rxa7 Rxd4 25. Rxd4 Qxd4+ 26. Be3 Qxe5 27. Bf4 Qe1+ 28. Kg2 Re8 29. Qb7 Re2+ 30. Nxe2 Qxe2+ 31. Kg3 Qe1+ 1/2-1/2

[Event "Quebec-ch qual. Quebec"]
[Site "Quebec CAN"]
[Date "2005.05.15"]
[Round "5"]
[White "Vadnais, Michel"]
[Black "L'Heureux, Clement"]
[Result "0-1"]
[WhiteElo "1673"]
[BlackElo "1850"]
[PlyCount "126"]
[GameId "2160767910968481"]
[EventDate "2005.05.13"]
[EventType "swiss"]
[EventRounds "5"]
[EventCountry "CAN"]
[SourceTitle "CBM 106 Extra"]
[Source "ChessBase"]
[SourceDate "2005.07.01"]
[SourceVersion "1"]
[SourceVersionDate "2005.07.01"]
[SourceQuality "1"]

1. e4 e5 2. Nf3 Nc6 3. Bb5 a6 4. Ba4 Nf6 5. O-O Be7 6. Re1 b5 7. Bb3 d6 8. c3 O-O 9. h3 Na5 10. Bc2 c5 11. d4 Qc7 12. d5 Bd7 13. Nbd2 Ra7 14. Nf1 Rb8 15. b3 Nb7 16. Be3 Raa8 17. Qd2 Kh8 18. Rad1 a5 19. a3 Rc8 20. N3h2 b4 21. axb4 cxb4 22. c4 Nc5 23. Bxc5 Qxc5 24. Ne3 g6 25. Ra1 a4 26. bxa4 b3 27. Bxb3 Nxe4 28. Qc2 f5 29. Nf3 Rf8 30. Reb1 f4 31. Qxe4 fxe3 32. Qxe3 Qxe3 33. fxe3 Bxh3 34. Bc2 Bg4 35. Kf2 Ra7 36. e4 Rc8 37. Bd3 Bd8 38. Rb2 Bd7 39. Rba2 Ba5 40. Ke2 h6 41. Rb1 Kg7 42. Rb3 Bd8 43. Rba3 Bb6 44. a5 Rca8 45. axb6 Rxa3 46. Rxa3 Rxa3 47. Nxe5 Ra2+ 48. Ke3 Bc8 49. Kd4 Rxg2 50. c5 dxe5+ 51. Kxe5 Kf7 52. Kd6 Rb2 53. Kc7 Bg4 54. b7 h5 55. e5 Bf3 56. e6+ Kf6 57. b8=Q Rxb8 58. Kxb8 Bxd5 59. Kc7 Bxe6 60. Be4 g5 61. Kd8 Ke5 62. Bb7 g4 63. c6 Bd5 0-1

[Event "Quebec-ch sf"]
[Site "Montreal CAN"]
[Date "2005.06.10"]
[Round "1"]
[White "Bachand-Fleurent, Julien"]
[Black "Pepin, Christian"]
[Result "0-1"]
[WhiteElo "2243"]
[BlackElo "1998"]
[PlyCount "60"]
[GameId "2160767910967971"]
[EventDate "2005.06.10"]
[EventType "swiss"]
[EventRounds "5"]
[EventCountry "CAN"]
[SourceTitle "EXT 2007"]
[Source "ChessBase"]
[SourceDate "2006.11.23"]
[SourceVersion "1"]
[SourceVersionDate "2006.11.23"]
[SourceQuality "1"]

1. e4 c6 2. d4 d5 3. Nc3 dxe4 4. Nxe4 Bf5 5. Ng3 Bg6 6. f4 h5 7. h4 e6 8. Nf3 Nd7 9. Bd3 Bxd3 10. Qxd3 Bd6 11. Ne4 Ndf6 12. Neg5 Ne7 13. Ne5 Bxe5 14. fxe5 Ng4 15. O-O Nf5 16. Rf4 Qd7 17. Bd2 O-O-O 18. Re1 Qc7 19. Bb4 Rd7 20. Rxf5 exf5 21. Qxf5 g6 22. Qf4 f6 23. Ne6 fxe5 24. dxe5 Qb6+ 25. Bc5 Qxb2 26. Nf8 Rd8 27. e6 Qc3 28. Bb4 Rhxf8 29. Qe4 Qg3 30. Bxf8 Rxf8 0-1

[Event "Quebec-ch sf"]
[Site "Montreal CAN"]
[Date "2005.06.10"]
[Round "1"]
[White "Dupont, Alain"]
[Black "Libersan, Thierry"]
[Result "0-1"]
[WhiteElo "1721"]
[BlackElo "2086"]
[PlyCount "82"]
[GameId "2160767910967972"]
[EventDate "2005.06.10"]
[EventType "swiss"]
[EventRounds "5"]
[EventCountry "CAN"]
[SourceTitle "EXT 2007"]
[Source "ChessBase"]
[SourceDate "2006.11.23"]
[SourceVersion "1"]
[SourceVersionDate "2006.11.23"]
[SourceQuality "1"]

1. e4 c5 2. Nf3 d6 3. d4 cxd4 4. Nxd4 Nf6 5. Nc3 a6 6. f4 e6 7. a4 b6 8. Be2 Nbd7 9. Bf3 Bb7 10. O-O Qc7 11. Qe1 Be7 12. f5 e5 13. Nb3 O-O 14. Bg5 Rfe8 15. Rd1 Rac8 16. Qg3 Bf8 17. h4 Qb8 18. h5 Kh8 19. Rd2 h6 20. Be3 Rc4 21. Qf2 Bxe4 22. Nxe4 Rxe4 23. c3 Rxa4 24. Bc6 b5 25. Qf3 Rd8 26. Bd5 Kg8 27. g4 Rxg4+ 28. Rg2 Rxg2+ 29. Kxg2 Nxd5 30. Qxd5 Nf6 31. Qf3 Qa8 32. Rg1 Nxh5 33. Bxh6 Kh7 34. Bg5 Qxf3+ 35. Kxf3 Rc8 36. Nd2 d5 37. Rh1 g6 38. Kg4 Bh6 39. Ra1 Rc6 40. b3 Rxc3 41. Rxa6 Rg3+ 0-1

[Event "Quebec-ch sf"]
[Site "Montreal CAN"]
[Date "2005.06.10"]
[Round "1"]
[White "Forget, Luc"]
[Black "Bekteshi, Muhamet"]
[Result "1-0"]
[WhiteElo "1926"]
[BlackElo "2164"]
[PlyCount "103"]
[GameId "2160767910967973"]
[EventDate "2005.06.10"]
[EventType "swiss"]
[EventRounds "5"]
[EventCountry "CAN"]
[SourceTitle "EXT 2007"]
[Source "ChessBase"]
[SourceDate "2006.11.23"]
[SourceVersion "1"]
[SourceVersionDate "2006.11.23"]
[SourceQuality "1"]

1. d4 d5 2. c4 c6 3. Nf3 e6 4. Nc3 Nf6 5. g3 Bd6 6. Bg2 O-O 7. O-O dxc4 8. a4 Bb4 9. Qc2 Nd5 10. e4 Nxc3 11. bxc3 Be7 12. e5 c5 13. Rd1 Qc7 14. Bg5 Nc6 15. h4 cxd4 16. cxd4 Nb4 17. Qe4 Nd5 18. Rdc1 c3 19. Bxe7 Qxe7 20. Ng5 g6 21. Qe1 Bd7 22. Ne4 Bc6 23. Nxc3 f5 24. Nxd5 exd5 25. f4 h6 26. Rc5 Rad8 27. a5 a6 28. Rac1 Rf7 29. Qd2 Rg7 30. Kf2 g5 31. hxg5 hxg5 32. Rh1 gxf4 33. Qxf4 Qg5 34. Rh6 Rg6 35. Rxg6+ Qxg6 36. Rc1 Kg7 37. Rh1 Rh8 38. Rxh8 Kxh8 39. Bh3 Bd7 40. Qh4+ Kg7 41. Qe7+ Qf7 42. Qxf7+ Kxf7 43. Kf3 Kg6 44. Kf4 Be6 45. g4 fxg4 46. Bxg4 Bg8 47. Bc8 Kf7 48. Bxb7 Ke6 49. Bc8+ Ke7 50. Bxa6 Kd7 51. Kf5 Kc6 52. Kf6 1-0

[Event "Quebec-ch sf"]
[Site "Montreal CAN"]
[Date "2005.06.10"]
[Round "1"]
[White "Landry, Sylvain"]
[Black "Benoit-Deschamps, Jean-Marc"]
[Result "1/2-1/2"]
[WhiteElo "2091"]
[BlackElo "1873"]
[PlyCount "86"]
[GameId "2160767910967974"]
[EventDate "2005.06.10"]
[EventType "swiss"]
[EventRounds "5"]
[EventCountry "CAN"]
[SourceTitle "EXT 2007"]
[Source "ChessBase"]
[SourceDate "2006.11.23"]
[SourceVersion "1"]
[SourceVersionDate "2006.11.23"]
[SourceQuality "1"]

1. e4 c5 2. Nf3 d6 3. d4 cxd4 4. Nxd4 Nf6 5. Nc3 g6 6. Be2 Bg7 7. O-O Nc6 8. Nb3 O-O 9. Bg5 Be6 10. Kh1 Rc8 11. f4 a6 12. f5 Bd7 13. Nd2 b5 14. a3 Ne5 15. Qe1 Qb6 16. Qh4 Rfe8 17. fxg6 Nxg6 18. Qg3 Be6 19. Rf5 Qb7 20. Bd3 Bd7 21. Bxf6 Bxf6 22. Rxf6 exf6 23. Nd5 Re6 24. Rf1 Kg7 25. Nf3 Bc6 26. Nf4 Bxe4 27. Nxe6+ fxe6 28. Qxd6 Bxd3 29. cxd3 Rc6 30. Qd4 e5 31. Qe3 Rc2 32. Rc1 Rxc1+ 33. Qxc1 Qd5 34. Qe3 Nf4 35. d4 Ng6 36. dxe5 Qd1+ 37. Ng1 Nxe5 38. Qa7+ Kg6 39. Qxa6 Qb3 40. Qa8 Qxb2 41. Qg8+ Kh6 42. Qf8+ Kg6 43. Qg8+ Kh6 1/2-1/2

[Event "Quebec-ch sf"]
[Site "Montreal CAN"]
[Date "2005.06.10"]
[Round "1"]
[White "Liard, Serge"]
[Black "Bolduc, Steve"]
[Result "0-1"]
[WhiteElo "1957"]
[BlackElo "2233"]
[PlyCount "90"]
[GameId "2160767910967975"]
[EventDate "2005.06.10"]
[EventType "swiss"]
[EventRounds "5"]
[EventCountry "CAN"]
[SourceTitle "EXT 2007"]
[Source "ChessBase"]
[SourceDate "2006.11.23"]
[SourceVersion "1"]
[SourceVersionDate "2006.11.23"]
[SourceQuality "1"]

1. e4 c5 2. Nf3 d6 3. c4 Bg4 4. h3 Bxf3 5. Qxf3 Nc6 6. Nc3 g6 7. g4 Bg7 8. Bg2 Nf6 9. O-O h5 10. g5 Nd7 11. d3 Bd4 12. Qe2 a6 13. Be3 e6 14. f4 Qe7 15. Qf2 h4 16. Bxd4 cxd4 17. Nd5 Qd8 18. Nf6+ Nxf6 19. gxf6 Qxf6 20. b4 e5 21. b5 Na5 22. Qd2 axb5 23. fxe5 Qxe5 24. cxb5 Qxb5 25. Rf6 Nc6 26. Rxd6 Qe5 27. Rd5 Qe7 28. Rb5 O-O 29. Rab1 Ra7 30. Qf4 Kg7 31. e5 Rd8 32. Qf6+ Qxf6 33. exf6+ Kxf6 34. Rxb7 Rxb7 35. Rxb7 Ne5 36. Rb3 Rc8 37. Rb4 Rc1+ 38. Bf1 Kg5 39. a4 Kf4 40. Rb2 Nxd3 41. Rd2 Ne5 42. Rf2+ Ke4 43. Re2+ Kd5 44. Kf2 Ra1 45. Bg2+ Kd6 0-1

[Event "Quebec-ch sf"]
[Site "Montreal CAN"]
[Date "2005.06.10"]
[Round "1"]
[White "Malveau, Cedric"]
[Black "Duchesneau, Alain"]
[Result "1-0"]
[WhiteElo "2012"]
[BlackElo "1659"]
[PlyCount "63"]
[GameId "2160767910967976"]
[EventDate "2005.06.10"]
[EventType "swiss"]
[EventRounds "5"]
[EventCountry "CAN"]
[SourceTitle "EXT 2007"]
[Source "ChessBase"]
[SourceDate "2006.11.23"]
[SourceVersion "1"]
[SourceVersionDate "2006.11.23"]
[SourceQuality "1"]

1. d4 Nf6 2. c4 d6 3. Nc3 Nbd7 4. e4 e5 5. d5 Be7 6. f3 h5 7. Be3 h4 8. Qd2 Nh5 9. Nge2 g5 10. g3 Nf8 11. O-O-O Ng6 12. b3 a6 13. Kb2 Bd7 14. Rc1 b6 15. Nd1 g4 16. fxg4 Bxg4 17. Nf2 Qd7 18. Bg5 f6 19. Bxh4 Nxh4 20. gxh4 Bxe2 21. Bxe2 f5 22. Rhg1 Nf4 23. exf5 Bxh4 24. Nd3 Qxf5 25. Rcd1 Bg5 26. Nxf4 exf4 27. Bg4 Qe5+ 28. Kb1 Bf6 29. Rge1 Kf7 30. Rxe5 Bxe5 31. Be6+ Kf6 32. Qg2 1-0

[Event "Quebec-ch sf"]
[Site "Montreal CAN"]
[Date "2005.06.10"]
[Round "1"]
[White "McDonough, Jonathan"]
[Black "Lemire-Paquin, Alexandre"]
[Result "1-0"]
[WhiteElo "2002"]
[BlackElo "1929"]
[PlyCount "103"]
[GameId "2160767910967977"]
[EventDate "2005.06.10"]
[EventType "swiss"]
[EventRounds "5"]
[EventCountry "CAN"]
[SourceTitle "EXT 2007"]
[Source "ChessBase"]
[SourceDate "2006.11.23"]
[SourceVersion "1"]
[SourceVersionDate "2006.11.23"]
[SourceQuality "1"]

1. d4 Nf6 2. c4 g6 3. Nc3 Bg7 4. Nf3 O-O 5. g3 d6 6. Bg2 Nbd7 7. O-O e5 8. e4 c6 9. h3 exd4 10. Nxd4 Re8 11. Re1 a5 12. Qc2 Nc5 13. Nb3 Na6 14. Bf4 Nh5 15. Be3 Be6 16. Bf1 a4 17. Nd4 Nb4 18. Qd2 a3 19. b3 d5 20. Nxe6 fxe6 21. Bc5 d4 22. Bxb4 dxc3 23. Qc2 Qb6 24. Bxc3 Nxg3 25. Bxg7 Nxf1 26. Be5 Qc5 27. Qc3 Nd2 28. Re3 Rad8 29. Kg2 Rf8 30. Bg3 Rd7 31. Rae1 b5 32. R1e2 b4 33. Qe5 Qxe5 34. Bxe5 Kf7 35. h4 Rfd8 36. c5 Rd3 37. Bd6 Rxe3 38. Rxe3 Nb1 39. Rf3+ Kg8 40. Be7 Rd2 41. Bg5 Rd7 42. Bh6 Rf7 43. Rd3 Rc7 44. Rd8+ Kf7 45. e5 Ke7 46. Bg5+ Kf7 47. Rh8 Kg7 48. Bf6+ Kh6 49. Kg3 Nc3 50. Kg4 Nxa2 51. Rg8 Rd7 52. Bg5# 1-0

[Event "Quebec-ch sf"]
[Site "Montreal CAN"]
[Date "2005.06.10"]
[Round "1"]
[White "Robidas, Francois"]
[Black "Masse, Hugues"]
[Result "1-0"]
[WhiteElo "2007"]
[BlackElo "2281"]
[PlyCount "125"]
[GameId "2160767910967978"]
[EventDate "2005.06.10"]
[EventType "swiss"]
[EventRounds "5"]
[EventCountry "CAN"]
[SourceTitle "EXT 2007"]
[Source "ChessBase"]
[SourceDate "2006.11.23"]
[SourceVersion "1"]
[SourceVersionDate "2006.11.23"]
[SourceQuality "1"]

1. e4 e5 2. Nf3 Nc6 3. Bb5 a6 4. Bxc6 dxc6 5. O-O Qd6 6. d4 exd4 7. Qxd4 Qxd4 8. Nxd4 Bd7 9. Be3 O-O-O 10. Nc3 Re8 11. Rfe1 Bb4 12. f3 Bxc3 13. bxc3 Ne7 14. a4 a5 15. Kf2 b6 16. c4 c5 17. Nb5 Be6 18. Bf4 Bxc4 19. Nxc7 Rd8 20. Rab1 Ng6 21. Na8 Kb7 22. Nxb6 Ba2 23. Rb2 Nxf4 24. Nd5+ Ka7 25. Nxf4 Bc4 26. Reb1 Rd7 27. Nd3 Rc7 28. Ne5 Ba6 29. Rb6 Rhc8 30. Rd6 f6 31. Rbb6 Bb7 32. Nc4 Bc6 33. c3 Ka8 34. Ke3 Ka7 35. h4 Ka8 36. h5 h6 37. g3 Ka7 38. f4 Ka8 39. Ra6+ Kb8 40. Nxa5 Bb7 41. Rab6 Rg8 42. Kd3 Kc8 43. Rxb7 Rxb7 44. Nxb7 Kxb7 45. a5 Kc7 46. e5 g6 47. Rxf6 gxh5 48. Rxh6 Rxg3+ 49. Kc4 Rf3 50. Rxh5 Rxf4+ 51. Kxc5 Kd7 52. c4 Rf1 53. Rh6 Re1 54. e6+ Ke7 55. a6 Ra1 56. a7 Ra6 57. Kb5 Ra1 58. c5 Rb1+ 59. Kc6 Ra1 60. Kb7 Rb1+ 61. Kc8 Ra1 62. Rh7+ Ke8 63. Kb8 1-0

[Event "Quebec-ch sf"]
[Site "Montreal CAN"]
[Date "2005.06.10"]
[Round "1"]
[White "Tomb, Maroun"]
[Black "Gacogne, Charlie"]
[Result "1/2-1/2"]
[WhiteElo "2164"]
[BlackElo "1908"]
[PlyCount "43"]
[GameId "2160767910967979"]
[EventDate "2005.06.10"]
[EventType "swiss"]
[EventRounds "5"]
[EventCountry "CAN"]
[SourceTitle "EXT 2007"]
[Source "ChessBase"]
[SourceDate "2006.11.23"]
[SourceVersion "1"]
[SourceVersionDate "2006.11.23"]
[SourceQuality "1"]

1. c4 b6 2. Nc3 Bb7 3. Nf3 e6 4. d4 Bb4 5. g3 Ne7 6. Bg2 O-O 7. O-O Bxc3 8. bxc3 f5 9. a4 d6 10. a5 Qe8 11. Qb3 Nbc6 12. axb6 axb6 13. Rxa8 Qxa8 14. c5 Nd5 15. cxb6 Na5 16. Qa2 cxb6 17. c4 Nc3 18. Qc2 Ne4 19. Nd2 Nxg3 20. fxg3 Bxg2 21. Rf2 Bb7 22. d5 1/2-1/2

[Event "Quebec-ch sf"]
[Site "Montreal CAN"]
[Date "2005.06.10"]
[Round "1"]
[White "Ye, Ling Feng"]
[Black "Audet-Bouchard, Nicolas"]
[Result "1-0"]
[WhiteElo "1883"]
[BlackElo "2126"]
[PlyCount "83"]
[GameId "2160767910967980"]
[EventDate "2005.06.10"]
[EventType "swiss"]
[EventRounds "5"]
[EventCountry "CAN"]
[SourceTitle "EXT 2007"]
[Source "ChessBase"]
[SourceDate "2006.11.23"]
[SourceVersion "1"]
[SourceVersionDate "2006.11.23"]
[SourceQuality "1"]

1. e4 c5 2. Nc3 Nc6 3. Nge2 g6 4. d4 cxd4 5. Nxd4 Bg7 6. Be3 Nf6 7. Nxc6 bxc6 8. e5 Nd5 9. Nxd5 cxd5 10. Qxd5 Rb8 11. Bxa7 Rxb2 12. Bd4 Rb8 13. Bc4 e6 14. Qd6 Bb7 15. Rb1 Bf8 16. Qb6 Be7 17. Qxd8+ Bxd8 18. Ba6 Bxg2 19. Rxb8 Bxh1 20. Bb6 Ke7 21. Bb5 Bxb6 22. Rxh8 Bd4 23. Rxh7 Bxe5 24. Ke2 Be4 25. Bd3 Bd5 26. c4 Bc6 27. Bxg6 Kf6 28. Bc2 d5 29. cxd5 Bxd5 30. a4 Bc3 31. Rh3 Ba5 32. Bd3 Ke5 33. Bb5 f5 34. Rh8 f4 35. f3 Kf6 36. h4 e5 37. Re8 Bc3 38. Rc8 Bb4 39. Bc4 Bxc4+ 40. Rxc4 Ba5 41. Rc5 Bb6 42. Rc6+ 1-0

[Event "Quebec-ch sf"]
[Site "Montreal CAN"]
[Date "2005.06.11"]
[Round "2"]
[White "Bekteshi, Muhamet"]
[Black "Liard, Serge"]
[Result "0-1"]
[WhiteElo "2164"]
[BlackElo "1957"]
[PlyCount "115"]
[GameId "2160767910967982"]
[EventDate "2005.06.10"]
[EventType "swiss"]
[EventRounds "5"]
[EventCountry "CAN"]
[SourceTitle "EXT 2007"]
[Source "ChessBase"]
[SourceDate "2006.11.23"]
[SourceVersion "1"]
[SourceVersionDate "2006.11.23"]
[SourceQuality "1"]

1. d4 d5 2. c4 c6 3. Nf3 Nf6 4. Ne5 Nbd7 5. cxd5 Qa5+ 6. Bd2 Qxd5 7. Nxd7 Bxd7 8. e3 Ne4 9. Nc3 Qf5 10. Nxe4 Qxe4 11. f3 Qh4+ 12. g3 Qh5 13. Be2 Bh3 14. Kf2 Qd5 15. Qc2 h5 16. Bc4 Qd7 17. Rad1 e6 18. Bc3 Be7 19. a3 O-O 20. Be2 Bf5 21. Qd2 Rfd8 22. f4 Be4 23. Rhg1 e5 24. Bd3 Bxd3 25. Qxd3 exd4 26. exd4 Bf6 27. Qf3 Qd5 28. h3 Qxf3+ 29. Kxf3 Rd5 30. Rd3 Rad8 31. Rgd1 g6 32. g4 hxg4+ 33. hxg4 Bg7 34. a4 f5 35. gxf5 gxf5 36. R3d2 Kf7 37. b3 Rh8 38. Kg3 Rd6 39. Rd3 Rg6+ 40. Kf3 Rg4 41. Re3 Rhh4 42. Rde1 Rxf4+ 43. Kg3 Rfg4+ 44. Kf3 Rh3+ 45. Kf2 Rxe3 46. Rxe3 Bxd4 47. Bxd4 Rxd4 48. Rh3 Kf6 49. Ke3 Rb4 50. Kd2 Kg5 51. Kc3 a5 52. Rh8 Kg4 53. Rg8+ Kf3 54. Ra8 b6 55. Rc8 c5 56. Rc6 f4 57. Rf6 Ke2 58. Re6+ 0-1

[Event "Quebec-ch sf"]
[Site "Montreal CAN"]
[Date "2005.06.11"]
[Round "2"]
[White "Benoit-Deschamps, Jean-Marc"]
[Black "Tomb, Maroun"]
[Result "1/2-1/2"]
[WhiteElo "1873"]
[BlackElo "2164"]
[PlyCount "89"]
[GameId "2160767910967983"]
[EventDate "2005.06.10"]
[EventType "swiss"]
[EventRounds "5"]
[EventCountry "CAN"]
[SourceTitle "EXT 2007"]
[Source "ChessBase"]
[SourceDate "2006.11.23"]
[SourceVersion "1"]
[SourceVersionDate "2006.11.23"]
[SourceQuality "1"]

1. d4 Nf6 2. c4 d6 3. Nc3 Nbd7 4. e4 e5 5. d5 Nc5 6. Bg5 Be7 7. Bxf6 Bxf6 8. b4 Nd7 9. Nf3 O-O 10. Nd2 Bg5 11. Nb3 g6 12. c5 f5 13. Bc4 Nf6 14. Qe2 fxe4 15. Nxe4 Nxe4 16. Qxe4 Rf4 17. Qe2 Bg4 18. f3 Bh4+ 19. Kd1 Bh5 20. g4 e4 21. gxh5 exf3 22. Qe6+ Kg7 23. Bd3 Qg5 24. hxg6 hxg6 25. Kc2 f2 26. Nd2 Raf8 27. Ne4 Qg2 28. Raf1 R8f7 29. Ng3 Bf6 30. cxd6 cxd6 31. Be4 Rc7+ 32. Kb1 Qf3 33. Qxf6+ Rxf6 34. Bxf3 Rxf3 35. Ne4 Rc4 36. Nxd6 Rxb4+ 37. Ka1 Kf6 38. Rd1 Ke5 39. Nc8 Rd4 40. Rdf1 Rd2 41. d6 Ke6 42. h4 Ra3 43. Ne7 Raxa2+ 44. Kb1 a5 45. Nxg6 1/2-1/2

[Event "Quebec-ch sf"]
[Site "Montreal CAN"]
[Date "2005.06.11"]
[Round "2"]
[White "Bolduc, Steve"]
[Black "Robidas, Francois"]
[Result "0-1"]
[WhiteElo "2233"]
[BlackElo "2007"]
[PlyCount "62"]
[GameId "2160767910967984"]
[EventDate "2005.06.10"]
[EventType "swiss"]
[EventRounds "5"]
[EventCountry "CAN"]
[SourceTitle "EXT 2007"]
[Source "ChessBase"]
[SourceDate "2006.11.23"]
[SourceVersion "1"]
[SourceVersionDate "2006.11.23"]
[SourceQuality "1"]

1. d4 d5 2. c4 e6 3. Nf3 c5 4. cxd5 exd5 5. g3 Nc6 6. Bg2 Nf6 7. O-O Be7 8. Nc3 O-O 9. Bg5 cxd4 10. Nxd4 h6 11. Be3 Re8 12. Qb3 Na5 13. Qc2 Bg4 14. h3 Be6 15. Rad1 Rc8 16. f4 Bb4 17. Bf2 Nc4 18. Qb3 Qa5 19. Ncb5 Bd7 20. a3 Bxb5 21. axb4 Qb6 22. Rfe1 Ne4 23. Bxe4 Rxe4 24. Qc3 a6 25. Nb3 Qe6 26. Nc5 Rxc5 27. bxc5 Qxh3 28. Rd4 Ne3 29. Bxe3 Qxg3+ 30. Kf1 Rxe3 31. Rd3 Bxd3 0-1